[Event "Euskadi-chT (Vasca) Div Honor"]
[Site "Bergara"]
[Date "2015.01.10"]
[Round "1.3"]
[White "Perez Marchal, Javier"]
[Black "Martiarena Lizarribar, Eneko"]
[Result "1/2-1/2"]
[WhiteElo "2045"]
[BlackElo "1930"]
[PlyCount "55"]
[EventDate "2015.01.10"]
[EventType "team-tourn"]
[EventRounds "9"]
[EventCountry "ESP"]
[SourceTitle "EXT 2024"]
[Source "ChessBase"]
[SourceDate "2023.10.10"]
[SourceVersion "1"]
[SourceVersionDate "2023.10.10"]
[SourceQuality "1"]

1. e4 e5 2. d4 exd4 3. Qxd4 Nc6 4. Qe3 Nf6 5. Nc3 Be7 6. Bd2 d5 7. exd5 Nxd5 8. Nxd5 Qxd5 9. Ne2 0-0 10. Nf4 Qc5 11. 0-0-0 Bf5 12. Bd3 Bxd3 13. Nxd3 Qc4 14. Kb1 Bf6 15. Rhe1 a5 16. Qc5 Qa4 17. b3 Qg4 18. Bc3 Bxc3 19. Qxc3 a4 20. h3 Qf5 21. Nc5 axb3 22. axb3 Ra7 23. Nd3 Qa5 24. Qxa5 Rxa5 25. Re4 Rd8 26. Rde1 Kf8 27. Rc4 Re8 28. Rce4 1/2-1/2

[Event "Benasque op 32nd"]
[Site "Benasque"]
[Date "2012.07.05"]
[Round "1"]
[White "Martiarena Lizarribar, Eneko"]
[Black "Burmakin, Vladimir"]
[Result "0-1"]
[WhiteElo "1981"]
[BlackElo "2590"]
[PlyCount "54"]
[EventDate "2012.07.05"]
[EventType "swiss"]
[EventRounds "10"]
[EventCountry "ESP"]
[SourceTitle "CBM 149 Extra"]
[Source "ChessBase"]
[SourceDate "2012.08.24"]
[SourceVersion "1"]
[SourceVersionDate "2012.08.24"]
[SourceQuality "1"]

1. d4 d5 2. Nf3 Nf6 3. c4 e6 4. Nc3 Be7 5. Bg5 0-0 6. e3 c6 7. Rc1 h6 8. Bh4 Nbd7 9. Bd3 Nh5 10. Bxe7 Qxe7 11. 0-0 Nhf6 12. Re1 Rd8 13. cxd5 exd5 14. Qc2 Qd6 15. Rcd1 Nf8 16. h3 Be6 17. Rb1 N8d7 18. b4 a5 19. bxa5 Rdb8 20. a4 Rxa5 21. Rb2 b6 22. Rc1 c5 23. Bb5 g6 24. Qd1 Raa8 25. dxc5 bxc5 26. e4 d4 27. e5 Nxe5 0-1

[Event "Vasco-chT"]
[Site "Pais Vasco"]
[Date "2009.01.17"]
[Round "2.4"]
[White "Martiarena Lizarribar, Eneko"]
[Black "Rodriguez Gonzalez, Alex"]
[Result "0-1"]
[WhiteElo "2015"]
[BlackElo "2039"]
[PlyCount "56"]
[EventDate "2009.01.10"]
[EventType "tourn"]
[EventRounds "9"]
[EventCountry "ESP"]
[SourceTitle "EXT 2010"]
[Source "ChessBase"]
[SourceDate "2010.11.25"]
[SourceVersion "1"]
[SourceVersionDate "2010.11.25"]
[SourceQuality "1"]

1. d4 g6 2. c4 Bg7 3. Nc3 c5 4. d5 d6 5. e4 a6 6. Be2 Nd7 7. Nf3 Ngf6 8. 0-0 0-0 9. h3 Rb8 10. a4 Ne8 11. Bf4 f5 12. exf5 Rxf5 13. Qd2 Ne5 14. Bxe5 dxe5 15. Ne4 b6 16. Qc2 Nd6 17. Nfd2 Rf4 18. g3 Rf8 19. Bg4 Nf5 20. Nb3 h5 21. Be2 e6 22. d6 Bb7 23. g4 Qh4 24. Kh2 Bh6 25. Ng3 hxg4 26. Bxg4 Bf4 27. Rg1 Kg7 28. a5 Qxg4 0-1

[Event "Vasco-chT"]
[Site "Pais Vasco"]
[Date "2009.01.10"]
[Round "1.4"]
[White "Argandona Riveiro, Jon"]
[Black "Martiarena Lizarribar, Eneko"]
[Result "0-1"]
[WhiteElo "1988"]
[BlackElo "2015"]
[PlyCount "88"]
[EventDate "2009.01.10"]
[EventType "tourn"]
[EventRounds "9"]
[EventCountry "ESP"]
[SourceTitle "EXT 2010"]
[Source "ChessBase"]
[SourceDate "2010.11.25"]
[SourceVersion "1"]
[SourceVersionDate "2010.11.25"]
[SourceQuality "1"]

1. e4 e5 2. Nf3 Nc6 3. d3 Nf6 4. g3 d5 5. Nbd2 dxe4 6. dxe4 Bg4 7. Bg2 Nxe4 8. Nxe4 Qxd1+ 9. Kxd1 Nd4 10. Neg5 e4 11. Re1 0-0-0 12. Nxf7 exf3 13. Bf1 Bb4 14. Nxd8 Bxe1 15. Nf7 Re8 16. Be3 Ba5 17. c3 Nc6 18. Ng5 h6 19. h3 hxg5 20. hxg4 Rh8 21. Kc2 Rh1 22. Rd1 Bb6 23. Bxb6 axb6 24. Bd3 Rh2 25. Rf1 Ne5 26. Kd2 Kd8 27. Ke3 Ke7 28. b3 Rh8 29. Rd1 Rf8 30. Bf5 g6 31. Rd5 Kf6 32. Be4 Ke6 33. Rd2 Nxg4+ 34. Kd3 Ne5+ 35. Kc2 c6 36. c4 Ra8 37. Kc3 Rf8 38. b4 Ke7 39. b5 Rf6 40. Rb2 Nd7 41. Rb3 Nc5 42. bxc6 bxc6 43. Rxb6 Nxe4+ 44. Kd4 Nxf2 0-1

[Event "Guipuzcoa-ch"]
[Site "Arrasate"]
[Date "2003.12.22"]
[Round "4"]
[White "Martiarena Lizarribar, Eneko"]
[Black "Beitia Amador Carrandi, Ernesto"]
[Result "1/2-1/2"]
[WhiteElo "2089"]
[BlackElo "2073"]
[PlyCount "57"]
[EventDate "2003.12.22"]
[EventType "swiss"]
[EventRounds "7"]
[EventCountry "ESP"]
[SourceTitle "CBM 097 Extra"]
[Source "ChessBase"]
[SourceDate "2004.01.13"]
[SourceVersion "1"]
[SourceVersionDate "2004.01.13"]
[SourceQuality "1"]

1. d4 d5 2. c4 c6 3. cxd5 cxd5 4. Nf3 Nc6 5. Nc3 Nf6 6. Bf4 Qb6 7. Qb3 e6 8. Qxb6 axb6 9. e3 Bb4 10. Bd3 Ne4 11. Bxe4 dxe4 12. Nd2 f5 13. 0-0 0-0 14. Nc4 Bxc3 15. bxc3 b5 16. Nd6 Ne7 17. Nxb5 Nd5 18. Be5 Bd7 19. c4 Bxb5 20. cxb5 Rfc8 21. a4 Ra5 22. g3 Kf7 23. Ra3 g6 24. Rb1 Ke7 25. b6 Rc6 26. Rb2 Kd7 27. Bg7 Rxb6 28. Rxb6 Nxb6 29. Rb3 1/2-1/2